Paesi con 100 Milioni di Persone - Morte Improvvisa - Statistics

Statistiche generali
  • Questo quiz è stato fatto 23.693 volte
  • Il punteggio medio è 6 su 16
Answers on the Grid
Answers color-coded by a green-red scale on the quiz's grid according to % correct below.
Algeria
Argentina
Bangladesh
Brasile
Canada
Cina
Colombia
Egitto
Etiopia
Filippine
Francia
Germania
Giappone
India
Indonesia
Iran
Iraq
Italia
Kenya
Marocco
Messico
Myanmar
Nigeria
Pakistan
Polonia
Regno Unito
Repubblica Democratica
del Congo
Russia
Spagna
Stati Uniti
Sud Africa
Sudan
Tanzania
Thailandia
Turchia
Vietnam
 
Statistiche sulle risposte
Risposta % Corretto
Cina
71%
Brasile
67%
Stati Uniti
56%
Bangladesh
55%
India
54%
Russia
50%
Giappone
40%
Indonesia
36%
Pakistan
33%
Messico
31%
Nigeria
29%
Egitto
26%
Filippine
26%
Repubblica Democratica
del Congo
21%
Etiopia
20%
Vietnam
12%
Nessun quiz corrispondente trovato
Distribuzione punteggi
Percentuale di utenti per punteggio
Percentile per numero di risposta
I tuoi punteggi nel tempo
Non hai fatto questo quiz